Представление документа в формате RUSMARC

ПолеНазваниеЗначение
  Тип записи a
  Библиографический уровень m
001 Контрольный номер ada43dc219d442c0a719bf9379adb0cf
005 Дата корректировки 20241121124228.9
010 Индекс ISBN __
a ISBN 978-5-699-79019-7
b Уточнения в пер.
9 Тираж 2000 экз.
d Цена 574-58
100 Данные общей обработки __
a Данные общей обработки 20231205d2019 cd 0rusy028902 ca
101 Язык документа 0_
a Язык текста rus
102 Страна публикации __
a Страна публикации RU
105 Кодированные данные (монография) __
a Кодированные данные (монография) a z 000yy
181 Поле кодированных данных: вид содержания _0
a Код вида содержания (ISBD) i
181 Поле кодированных данных: вид содержания _0
a Код вида содержания (ISBD) b
182 Поле кодированных данных: тип средства _0
a Код типа средства (ISBD) n
200 Заглавие и сведения об ответственности 1_
a Заглавие Новосибирск для детей
e Сведения, относящиеся к заглавию для младшего школьного возраста
f Первые сведения об ответственности Квашин Анатолий ; иллюстрации Дениса Королева
203 Вид содержания и тип средства __
a Вид содержания Текст
a Вид содержания Изображение
c Тип средства непосредственные
210 Выходные данные 1_
a Место издания Москва
c Издательство Эксмо
d Дата издания 2019
215 Физическое описание __
a Объем 127 с.
c Иллюстрации/тип воспроизводства цв. ил., фот.
d Формат 27 см
225 Серия 2_
a Серия Детские путеводители
300 Общие примечания __
a Общие примечания На обложке: Весело, проверено, интересно. От 6 до 12 лет
300 Общие примечания __
a Общие примечания Автор указан перед выпускными данными
330 Аннотация __
a Аннотация Это не просто книга, а самый настоящий путеводитель по Новосибирску для детей. С ним вы отправитесь в увлекательное путешествие по главному городу необъятной Сибири. Вместе с героями книги познакомитесь с его историей и посетите самые интересные места. За это время вы узнаете, почему главный проспект называется Красным, где найти ученых, почему в Новосибирске был центр Российской империи, в чем тайна герба города, а также пройдетесь по самому длинному в мире метромосту, посетите самое большое театральное здание в России, посмотрите на редких животных в знаменитом новосибирском зоопарке и даже побываете на море посреди Сибири! В путеводителе вы найдете разнообразные задания и головоломки, с ними узнавать Новосибирск станет еще веселее.
606 Тематические рубрики __
a Основная рубрика География
y Географическая подрубрика Новосибирск
y Географическая подрубрика Российская Федерация
y Географическая подрубрика Россия
y Географическая подрубрика РФ
y Географическая подрубрика Сибирь
2 Код системы nlr_sh
606 Тематические рубрики __
2 Код системы nlr_sh
a Основная рубрика География
606 Тематические рубрики __
2 Код системы nlr_sh
a Основная рубрика Страноведение
610 Ключевые слова 0_
a Ключевые слова академии наук
610 Ключевые слова 0_
a Ключевые слова архитектура города
610 Ключевые слова 0_
a Ключевые слова библиотеки
610 Ключевые слова 0_
a Ключевые слова часовни
610 Ключевые слова 0_
a Ключевые слова театры
610 Ключевые слова 0_
a Ключевые слова проспекты
610 Ключевые слова 0_
a Ключевые слова познавательная литература
610 Ключевые слова 0_
a Ключевые слова площади
610 Ключевые слова 0_
a Ключевые слова памятники культуры
610 Ключевые слова 0_
a Ключевые слова памятники истории
610 Ключевые слова 0_
a Ключевые слова музеи
610 Ключевые слова 0_
a Ключевые слова мосты
610 Ключевые слова 0_
a Ключевые слова метро
610 Ключевые слова 0_
a Ключевые слова культурные памятники
610 Ключевые слова 0_
a Ключевые слова кинотеатры
610 Ключевые слова 0_
a Ключевые слова история городов
610 Ключевые слова 0_
a Ключевые слова исторические памятники
610 Ключевые слова 0_
a Ключевые слова зоопарки
610 Ключевые слова 0_
a Ключевые слова железные дороги
610 Ключевые слова 0_
a Ключевые слова достопримечательности
610 Ключевые слова 0_
a Ключевые слова детская литература
610 Ключевые слова 0_
a Ключевые слова города России
610 Ключевые слова 0_
a Ключевые слова головоломки
610 Ключевые слова 0_
a Ключевые слова путеводители
686 Индексы других классификаций __
2 Код системы rubbks
a Классификационный индекс мл26.8я2
700 Автор _1
a Фамилия Квашин
b Имя А. В.
f Даты 1988-
g Полное личное имя Анатолий Владимирович
4 Код отношения 070
702 Вторичная интеллектуальная ответственность _1
a Фамилия Королев
b Имя Д.
g Полное личное имя Денис
4 Код отношения 440
801 Источник записи _0
a Страна ru
b Организация Муниципальное бюджетное учреждение культуры "Централизованная библиотечная система" г. Сургут (Центральная городская библиотека им. А. С. Пушкина)
c Дата составления 20231205
g Правила каталогизации PSBO
801 Источник записи _1
a Страна ru
b Организация Муниципальное бюджетное учреждение культуры "Централизованная библиотечная система" г. Сургут (Центральная городская библиотека им. А. С. Пушкина)
c Дата составления 20231205
g Правила каталогизации PSBO
852 Данные о местонахождении __
j Шифр хранения мл26.8я2
i Авторский знак К 32
900 Макрообъекты __
a Макрообъекты Новосибирск для детей. А. Квашин, 2019
901 Тип документа __
t Тип документа m
a Ответственный ООФиК/Губина
903 Характеристики (МАРС) __
a Дата передачи 20231205
c Наименование библиотеки (МАРС) Муниципальное бюджетное учреждение культуры "Централизованная библиотечная система" г. Сургут (Центральная городская библиотека им. А. С. Пушкина)
969 Тип издания __
a Тип издания научно-популярное издание
a Тип издания издание для детей
a Тип издания путеводитель
990 Данные о заказе (DOS) __
j Количество экземпляров (DOS) 2
t N записи в КСУ для И/У (DOS) 202402